00520nam a22001697a 4500020001800000041001200018082001800030100002400048100002000072245005600092260003900148300000800187365001800195942000700213999001900220952011100239 a9789533073941 aEnglish a632.5bARU/AB aArun Kumar Shanker  aVenkateswarlu B aAbiotic stress in plants mechanisms and adaptations aCroatiabIntech open sciencec2014 a428 bUS dollar 125 cBK c307660d307660 00104070aKAUCOFbKAUCOFd2015-09-23l0o632.5 ARU/ABpKAU_COF-5993r2015-09-23 00:00:00w2025-08-02yBK